000 00310nam a22001217a 4500
008 180522b xxu||||| |||| 00| 0 eng d
041 _aeng
080 _a043.3
100 _a0
101 _aSHKI-BTH
245 _aKualiteti i shërbimeve të rrugëtimit (QOS) në rrjetat pa tela
_cDobreva,S
942 _2udc
_cBK
999 _c46162
_d46162